000 00825nam a2200253 a 4500
001 BRCA_7394
005 20190320205824.0
008 220313s19uu----gw-a######---#000-0#ger-#
041 _ager
044 _agw
050 4 _aN2317
_b.F78 1900
245 1 0 _aFruhe Kunst Amerikas aus den Sammlungen des Staattichen Museums fur Volkerkunde Munchen und Privatbesitz
_chrsg von Stefan P. Munsing.
260 _aMunich
_bAmerika Haus
_c[19--?]
300 _a1 v. (sin paginación)
_bil.
500 _aQ107
650 1 4 _aPrefacio en alemán, inglés y español
_918247
650 1 4 _aArte
_zMunich
_918248
650 1 4 _aArte
_zAmérica
_914766
650 1 4 _aGalerías y museos
_zAlemania
_95059
650 1 4 _aArte
_xColeccionistas y colecciones
_97445
700 1 _aMunsing, Stefan P.
_eed.
_918249
902 _aGFM
942 _2lcc
_cB
999 _c7070
_d7070